000 00555nam a2200193 i 4500
001 27459
003 ES-MaACL
007 t|
008 030114s1981 sp ||||1| spa d
100 1 _aAubenque, Pierre.
_923787
245 1 3 _aEl problema del ser en Aristóteles /
_cPierre Aubenque ; Versión de Vidal Peña.
260 _a[Madrid] :
_bTaurus,
_c[1981]
300 _a532 p. ;
_c21 cm.
490 1 _aEnsayistas
700 1 _aPeña, Vidal.
_990248
830 0 _aEnsayistas
_9177257
852 _aES-MaACL
_jL-800
_bR.101439
999 _c27459
_d27459